zpět

Detail výsledku týmu

Kentaur ST, Brno

Datum a čas kvízu

30.5 Celkem bodů Celkový počet nahraných bodů na tomto kvízu bez doplňovacích otázek.
5. Pořadí na kvízu Konečné umístění týmu na tomto kvízu.

Zaznamenané odpovědi

# Otázka Odpověď Body Výsledky
1. Sociální demokraté si novým šé... 0
2. Obyvatelé Moskvy přišli na způ... 0
3. V Berlíně minulý týden začal d... 0
4. Mimořádná valná hromada jedné... 1
5. Aksel Lund Svindal jako první... 0
6. Která slavná americká kapela n... 0
7. Z kolika hvězd se skládá Orion... 1
8. Který z těchto výrobků nepatří... 1
9. Orion je kosmická loď vyvíjená... 0
10. Odrůda jablek Orion byla vyšle... 1